The higher power of Lucky (Record no. 107824)

MARC details
000 -LÍDER
campo de controle de tamanho fixo 00636 a2200229 4500
001 - NÚMERO DE CONTROLE
campo de controle 107824
020 ## - ISBN - INTERNATIONAL STANDARD BOOK NUMBER
ISBN - International Standard Book Number 9781416975571
041 ## - CÓDIGO DE IDIOMA
Código do idioma do texto/trilha sonora ou título diferente por
082 ## - CDD - CLASSIFICAÇÃO DECIMAL DE DEWEY
Número de Classificação P Year 5 [Fic]
040 ## - FONTE DA CATALOGAÇÃO
Instituição da catalogação original BR-BrIDEA
Instituição que transcreveu o registro BR-BrIDEA
090 ## - NÚMERO DE CHAMADA LOCAL
Número de chamada (OCLC) (R); Número de chamada, CALL (RLIN) (NR) P Year 5 [Fic]
Número Cutter local (OCLC); Número de classificação do livro, CALL (RLIN) PAT
100 ## - ENTRADA PRINCIPAL--NOME PESSOAL
Nome pessoal Patron, Susan
Datas associadas ao nome 1948
250 ## - EDIÇÃO
Edição 1st Aladdin Paperbacks ed.
245 10 - TÍTULO
Título The higher power of Lucky
Indicação de responsabilidade, etc. Susan Patron
260 ## - PUBLICAÇÃO, DISTRIBUIÇÃO, ETC.
Local de publicação, distribuição, etc. New York
Nome do editor, distribuidor, etc. Aladdin Paperbacks
Data da publicação, distribuição, etc. 2008
300 ## - DESCRIÇÃO FÍSICA
Extensão 134 p.
697 ## - ENTRADA DE ASSUNTO LOCAL--ENTIDADE COLETIVA (RLIN)
Nome corporativo ou nome da jurisdição Abandoned children - Fiction.
697 ## - ENTRADA DE ASSUNTO LOCAL--ENTIDADE COLETIVA (RLIN)
Nome corporativo ou nome da jurisdição Runaway children - Fiction.
697 ## - ENTRADA DE ASSUNTO LOCAL--ENTIDADE COLETIVA (RLIN)
Nome corporativo ou nome da jurisdição Interpersonal relations - Fiction.
856 ## - LOCALIZAÇÃO ELETRÔNICA E ACESSO
Uniform Resource Identifier <a href="000015/00001509.jpg">000015/00001509.jpg</a>
942 ## - ELEMENTOS DE ENTRADA ADICIONADOS (KOHA)
Tipo de material Koha Livros
Holdings
Situação do descarte Situação das perdas Fonte da classificação ou esquema de arquivamento na estante Situação física Não pode ser emprestado Biblioteca de origem Biblioteca atual Data de aquisição Total de empréstimos Número de chamada completo Código de barras Data de último acesso Data do preço efetivo Tipo de material Koha
    Classificação Decimal de Dewey     ECB - ÁGUAS CLARAS ECB - ÁGUAS CLARAS 23/11/2015   AP Year 5 [Fic] PAT 00021221AGC 23/01/2024 23/01/2024 Livros